নজরুলের অগ্নিবীনা / (Record no. 38403)
[ view plain ]
| 000 -LEADER | |
|---|---|
| fixed length control field | 00814nam a2200217 4500 |
| 001 - CONTROL NUMBER | |
| control field | 38403 |
| 003 - CONTROL NUMBER IDENTIFIER | |
| rucl marc code | BD-RjUL |
| 005 - DATE AND TIME OF LATEST TRANSACTION | |
| control field | 20211209052806.0 |
| 008 - FIXED-LENGTH DATA ELEMENTS--GENERAL INFORMATION | |
| fixed length control field | 151124s1968 xxu||||| |||| 00| 0 ben d |
| 035 ## - SYSTEM CONTROL NUMBER | |
| System control number | (BD-RjUL)38508 |
| 040 ## - CATALOGING SOURCE | |
| Original cataloging agency | BD-RjUL |
| Language of cataloging | ben |
| Transcribing agency | BD-RjUL |
| 041 ## - LANGUAGE CODE | |
| Language code of text/sound track or separate title | ben |
| 082 ## - DEWEY DECIMAL CLASSIFICATION NUMBER | |
| Classification number | 891.44171 |
| Author mark and year | NAZ 1968 |
| 245 ## - TITLE STATEMENT | |
| Title | নজরুলের অগ্নিবীনা / |
| Statement of responsibility, etc. | আবুল কাশেম চৌধুরী সম্পাদিত |
| 260 ## - PUBLICATION, DISTRIBUTION, ETC. (IMPRINT) | |
| Place of publication, distribution, etc. | ঢাকা : |
| Name of publisher, distributor, etc. | সিটি লাইব্রেরী, |
| Date of publication, distribution, etc. | ১৯৬৮ |
| 300 ## - PHYSICAL DESCRIPTION | |
| Pagination | ৬৬ পৃ. ; |
| Size | ২১ সেমি. |
| 650 ## - SUBJECT ADDED ENTRY--TOPICAL TERM | |
| Topical term or geographic name as entry element | বাংলা কবিতা |
| Chronological subdivision | ২০ শতক |
| 9 (RLIN) | 118631 |
| Topical term or geographic name as entry element | Bengali poetry |
| Chronological subdivision | 20th century. |
| 9 (RLIN) | 117731 |
| 700 ## - ADDED ENTRY--PERSONAL NAME | |
| Personal name | চৌধুরী, আবুল কাশেম |
| 942 ## - ADDED ENTRY ELEMENTS (KOHA) | |
| Source of classification or shelving scheme | Dewey Decimal Classification |
| Koha item type | Books |
| Lost status | Source of classification or shelving scheme | Damaged status | Not for loan | Collection code | Permanent Location | Current Location | Shelving location | Date acquired | Source of acquisition | Cost, normal purchase price | Total Checkouts | Full call number | Date last seen | Date checked out | Copy number | Koha item type |
|---|---|---|---|---|---|---|---|---|---|---|---|---|---|---|---|---|
| Dewey Decimal Classification | Non-fiction | Central Library, University of Rajshahi | Central Library, University of Rajshahi | 14/05/1970 | নওরোজ | 3.00 | 2 | B 891.44171 NAZ 1968 | 05/11/2024 | 31/10/2024 | C-2 | Books | ||||
| Dewey Decimal Classification | Not For Loan | Non-fiction | Central Library, University of Rajshahi | Central Library, University of Rajshahi | Reading Room | 27/06/1970 | Pakistan Book Cor. | 3.00 | B 891.44171 NAZ 1968 | 10/02/2016 | C-1 | Books |